00674nam a2200181 a 4500001000400000003000500004005001700009008004100026020001500067040002000082100002100102245018600123260003300309300001100342650005200353650002300405650006400428692CDMR20131121123400.0130130s1983||||||||||||||||||||||||||||d a9686677046 aCDMRbcatcCDMR1 aLemert, James B.10aDespués de todo...¿puede la comunicación masiva cambiar la opinión pública?b: un nuevo enfoque al análisis de efectoscJames B. Lemert ; traducción: Agustí Bárcena aMéxicoc1983bPubligrafics a251 p.04aMitjans de comunicació de massaxInfluència04aOpinió pública04aMitjans de comunicació de massazEstats Units d'Amèrica